Democracia y derechos humanos en el mundo árabe

محفوظ في:
التفاصيل البيبلوغرافية
المؤلف الرئيسي: Martín Muñoz, Gema (autora)
التنسيق: كتاب
اللغة:الإسبانية
الفرنسية
الإنجليزية
منشور في: Madrid Icma 1993
سلاسل:Colección Política árabe contemporánea, 4
الموضوعات:
الوسوم: إضافة وسم
لا توجد وسوم, كن أول من يضع وسما على هذه التسجيلة!

MARC

LEADER 00000nam a2200000 a 4500
001 UCP4782
003 CL-VaPUC
008 990813e19930000SP |||||||||||||||||spa|d
041 0 7 |a spa  |2 CL-VaPUC 
041 0 7 |a fre  |2 CL-VaPUC 
041 0 7 |a eng  |2 CL-VaPUC 
082 0 4 |a 340.112  |b MAR  |2 21 
100 |a Martín Muñoz, Gema  |e autora  |9 432673 
245 1 0 |a Democracia y derechos humanos en el mundo árabe 
300 |a 367 p 
942 |c BK 
945 |d 19990813 00:00:00  |a vberengu 
260 |a Madrid  |b Icma  |c 1993 
650 0 |a Amnistía   |9 254958 
650 0 |a Democracia  |9 255256 
650 0 |a Derechos humanos  |9 223025 
650 7 |a DERECHOS Y DEBERES DEL HOMBRE  |2 CL-VaPUC  |9 432674 
650 7 |a DERECHO Y DEMOCRACIA  |2 CL-VaPUC  |9 432675 
650 0 |a Igualdad  |9 258477 
650 7 |a ISLAM  |2 CL-VaPUC  |9 349147 
583 |a last modification  |c 19990813 00:00:00  |k Rodrigo Vera 
490 0 |a Colección Política árabe contemporánea, 4 
999 |c 282680  |d 282678 
952 |0 0  |1 0  |4 0  |6 340_112000000000000_MAR_1993  |7 0  |8 A  |9 324756  |a BIBDER  |b BIBDER  |d 2019-11-20  |i 353619K  |l 1  |m 2  |o 340.112 MAR 1993  |p 353619K  |q 2025-12-31  |r 2020-03-18  |s 2020-03-18  |w 2019-11-20  |y BK  |k DER